00439nam a2200085Ia 4500008004100000245018900041260000900230300008900239650002500328180130s9999 xx 000 0 und d cBrynielsson, Joel; Horndahl, Andreas; Johansson, Fredrik; Kaati, Lisa; Martenson, Christian; Svenson, PontusaHarvesting and analysis of weak signals for detecting lone wolf terrorists c2016 aBook title: Computer and information security--Acession number C20546; pages 128-142 aINFORMATION SECURITY